| 000 | 00466nam a2200145Ia 4500 | ||
|---|---|---|---|
| 008 | 210430s9999 xx 000 0 und d | ||
| 020 | _a 9780750644440 | ||
| 082 | _a660 C853 C | ||
| 100 |
_a J M. Coulson, J F Richardson _953769 |
||
| 245 |
_aCoulson & Richardson's Chemical Engineering: Fluid Flow, Heat Transfer and Mass Transfer V-1 / _cJ.M.Coulson |
||
| 250 | _a6th ed | ||
| 260 |
_aIndia _bButterworth Heinemann _c2009 |
||
| 300 | _a895p. | ||
| 942 |
_cBK _2ddc |
||
| 999 |
_c564277 _d564277 |
||